000 00617nam a2200217Ia 4500
005 20240409151525.0
008 131103s9999 xx 000 0 und d
040 _aLoreto College
041 _aEnglish
082 _a370.15
_bCLA
100 _aClayton,Thomas E.
245 _aTeaching and Learning
_cThomas E.Clayton
250 _a a psychological perspective
260 _aEnglewood Cliffs
_bPrentice - Hall
_c1965
300 _axi,177 p.
_b ill.,tables
440 _aFoundations od Education Series
504 _aIncludes references and index
650 _aPsychology
850 _aLCBED
942 _cBK
999 _c26789
_d77268